Jevropejskoje ekonomičeskoje prostranstvo i strany Vostočnoj Jevropy.
Skúsenosti s privatizáciou štátneho vlastníctva v krajinách východnej Európy a ich prechod na trhovú ekonomiku. Liberalizácia a ozdravenie systému cien. Vplyvy zavedenia konvertibility národných valút. Rast obchodu východoeurópskych krajín po prechode na svetové ceny a konvertibilnú menu. Význam zah...
Saved in:
| Main Author: | |
|---|---|
| Format: | Book Chapter |
| Language: | Russian |
| Subjects: | |
| Tags: |
No Tags, Be the first to tag this record!
|
MARC
| LEADER | 00000naa a2200000 4500 | ||
|---|---|---|---|
| 001 | r010474 | ||
| 005 | 20221208123157.7 | ||
| 041 | 0 | |a rus | |
| 044 | |a [SU] | ||
| 245 | 1 | 0 | |a Jevropejskoje ekonomičeskoje prostranstvo i strany Vostočnoj Jevropy. |c E. Šejnin |
| 520 | |a Skúsenosti s privatizáciou štátneho vlastníctva v krajinách východnej Európy a ich prechod na trhovú ekonomiku. Liberalizácia a ozdravenie systému cien. Vplyvy zavedenia konvertibility národných valút. Rast obchodu východoeurópskych krajín po prechode na svetové ceny a konvertibilnú menu. Význam zahraničných investícií a kapitálu pre efektívne fungovanie východných ekonomík. | ||
| 610 | 2 | 0 | |a východná Európa |
| 610 | 2 | 0 | |a liberalizácia |
| 610 | 2 | 0 | |a hospodárstvo trhové |
| 610 | 2 | 0 | |a konvertibilita |
| 610 | 2 | 0 | |a obchod zahraničný |
| 610 | 2 | 0 | |a investície zahraničné |
| 610 | 2 | 0 | |a kapitál zahraničný |
| 610 | 2 | 0 | |a ceny |
| 100 | 1 | |a Šejnin, E. | |